Media ethics : (Record no. 1749)
[ view plain ]
| 000 -LEADER | |
|---|---|
| fixed length control field | 00618cam a2200193 a 4500 |
| 001 - CONTROL NUMBER | |
| control field | 12925649 |
| 005 - DATE AND TIME OF LATEST TRANSACTION | |
| control field | 20241129123208.0 |
| 008 - FIXED-LENGTH DATA ELEMENTS--GENERAL INFORMATION | |
| fixed length control field | 020911s1999 mz b 001 0 eng |
| 020 ## - INTERNATIONAL STANDARD BOOK NUMBER | |
| International Standard Book Number | 0702156922 |
| 050 00 - LIBRARY OF CONGRESS CALL NUMBER | |
| Classification number | PN4756 |
| Item number | .R58 2002 |
| 082 00 - DEWEY DECIMAL CLASSIFICATION NUMBER | |
| Classification number | 174/.90704 |
| Edition information | 22 |
| 100 0# - MAIN ENTRY--PERSONAL NAME | |
| Personal name | Rønning, Helge. |
| 245 10 - TITLE STATEMENT | |
| Title | Media ethics : |
| Remainder of title | an introduction and overview / |
| Statement of responsibility, etc. | Helge Rønning ; teacher's guide, Francis P. Kasoma. |
| 260 ## - PUBLICATION, DISTRIBUTION, ETC. | |
| Place of publication, distribution, etc. | [Maputo, Mozambique] : |
| Name of publisher, distributor, etc. | Nordic SAC Journalism Centre, |
| Date of publication, distribution, etc. | 2002. |
| 300 ## - PHYSICAL DESCRIPTION | |
| Extent | 150 p. ; |
| Dimensions | 25 cm. |
| 650 #0 - SUBJECT ADDED ENTRY--TOPICAL TERM | |
| Topical term or geographic name entry element | Journalistic ethics. |
| 700 1# - ADDED ENTRY--PERSONAL NAME | |
| Personal name | Kasoma, Francis Peter, |
| Dates associated with a name | 1943- |
| 942 ## - ADDED ENTRY ELEMENTS (KOHA) | |
| Source of classification or shelving scheme | Library of Congress Classification |
| Koha item type | Books |
| Suppress in OPAC | No |
| 999 ## - | |
| -- | 1749 |
| -- | 1749 |
| Withdrawn status | Lost status | Source of classification or shelving scheme | Damaged status | Not for loan | Collection | Home library | Current library | Shelving location | Date acquired | Total checkouts | Barcode | Date last seen | Copy number | Price effective from | Koha item type |
|---|---|---|---|---|---|---|---|---|---|---|---|---|---|---|---|
| Library of Congress Classification | Non-fiction | Graduate Library (Christ Temple) | Graduate Library (Christ Temple) | General stacks | 11/29/2024 | GSCT00000199 | 11/29/2024 | 1 | 11/29/2024 | Books |